Grandes metrópolis de América Latina /

Se trata de una reunión de textos de sociología urbana en cuanto a los problemas de las grandes ciudades latinoamericanas, las posibilidades y propuestas de la planificación y gestión urbanas, y sobre la estructuración de la metrópolis.

Gardado en:
Detalles Bibliográficos
Autor Principal: Heck, Marina (coord.)
Formato: Libro
Idioma:Lingua castelá
Publicado: São Paulo, Brasil : Fundaçao Memorial da América Latina : Fondo de Cultura Económica, 1993
Series:(Sección de Obras de Sociología)
Temas:
Etiquetas: Engadir etiqueta
Sen Etiquetas, Sexa o primeiro en etiquetar este rexistro!

MARC

LEADER 00000nam^a2200000^a^4500
001 000046703
005 20250521000000.0
009 20260310090022.266
020 |a 85-85373-06-7 
037 |a Acervo ITESO - Biblioteca 
041 |a ESP 
082 |a 307. 76  |b HEC 
100 |a Heck, Marina  |e (coord.) 
245 1 0 |a Grandes metrópolis de América Latina /  |c M. Heck (coord.). 
264 1 |a São Paulo, Brasil :  |b Fundaçao Memorial da América Latina :  |b Fondo de Cultura Económica,  |c 1993 
300 |a 320 p. 
336 |a texto  |b txt  |2 rdacontenido 
337 |a sin mediación  |b n  |2 rdamedio 
338 |a volumen  |b nc  |2 rdasoporte 
440 1 |a (Sección de Obras de Sociología) 
520 |a Se trata de una reunión de textos de sociología urbana en cuanto a los problemas de las grandes ciudades latinoamericanas, las posibilidades y propuestas de la planificación y gestión urbanas, y sobre la estructuración de la metrópolis. 
649 |a XX 
650 |a Sociología Urbana 
650 |a Problemas Sociales -  |z Latinoamérica 
650 |a Urbanismo -  |z Latinoamérica 
650 |a Diseño Urbano 
650 |a Planeación Urbana 
910 |a Fondo General 
920 |a Impresos - Libros 
930 |a Colección General 
905 |a 101 
901 |a 0500001987  |b IT1  |c ACC  |u 20250521 
902 |a https://opac.biblio.iteso.mx/vufind/Record/000046703